[Event "Wroclaw op-A"]
[Site "Wroclaw"]
[Date "2021.08.03"]
[Round "4"]
[White "Gradalski, Olaf"]
[Black "Piotrowski, Przemyslaw"]
[Result "0-1"]
[WhiteElo "1919"]
[BlackElo "2241"]
[PlyCount "120"]
[EventDate "2021.08.01"]
[EventType "swiss"]
[EventRounds "9"]
[EventCountry "POL"]
[SourceTitle "CBM 203 Extra"]
[Source "ChessBase"]
[SourceDate "2021.09.30"]
[SourceVersion "1"]
[SourceVersionDate "2021.09.30"]
[SourceQuality "1"]

1. d4 c5 2. d5 e5 3. e4 d6 4. Nc3 Be7 5. Nf3 Bg4 6. Be2 Bxf3 7. Bb5+ Kf8 8. Qxf3 Bg5 9. Bxg5 Qxg5 10. a4 Ne7 11. 0-0 a6 12. Bd3 Nd7 13. Nd1 h5 14. Ne3 h4 15. Nc4 Rh6 16. Qe3 Qxe3 17. fxe3 Rd8 18. a5 Nf6 19. Ra3 Nc8 20. Rb1 Na7 21. Rb3 Rd7 22. Rb6 Nc8 23. Rb3 Ke7 24. Rf1 Kd8 25. Ra3 Kc7 26. b4 cxb4 27. Rb3 Re7 28. c3 bxc3 29. Rxc3 Kb8 30. Rfc1 Rh8 31. Nd2 Na7 32. Rb1 Rc7 33. Rcb3 Nd7 34. Rb6 Nc8 35. Rc6 Nc5 36. Bxa6 Nxa6 37. Rxa6 Rc2 38. Nf3 h3 39. g3 f6 40. Rc6 Rc5 41. Nd2 Rxa5 42. Nc4 Ra1 43. Rxa1 bxc6 44. Rb1+ Kc7 45. Na5 Nb6 46. Nxc6 Ra8 47. Rc1 Kb7 48. Rc2 g5 49. g4 Ra4 50. Kf2 Rxe4 51. Kf3 Ra4 52. Nd8+ Kb8 53. Rc6 e4+ 54. Kg3 Nxd5 55. Rxd6 Nxe3 56. Rxf6 Ra3 57. Nc6+ Kc7 58. Rf7+ Kxc6 59. Kxh3 Nd5+ 60. Kg2 Nf4+ 0-1

[Event "Wroclaw op-A"]
[Site "Wroclaw"]
[Date "2021.08.02"]
[Round "3"]
[White "Gradalski, Olaf"]
[Black "Althoff, Ralph"]
[Result "1-0"]
[WhiteElo "1919"]
[BlackElo "2041"]
[PlyCount "47"]
[EventDate "2021.08.01"]
[EventType "swiss"]
[EventRounds "9"]
[EventCountry "POL"]
[SourceTitle "CBM 203 Extra"]
[Source "ChessBase"]
[SourceDate "2021.09.30"]
[SourceVersion "1"]
[SourceVersionDate "2021.09.30"]
[SourceQuality "1"]

1. e4 c5 2. c3 d5 3. exd5 Qxd5 4. d4 g6 5. Nf3 Bg7 6. Be3 cxd4 7. cxd4 Nf6 8. Nc3 Qa5 9. Bc4 0-0 10. 0-0 Bg4 11. h3 Bxf3 12. Qxf3 Nc6 13. Bb3 Rad8 14. d5 Nb4 15. Rfd1 Rd7 16. a3 Na6 17. Ba4 Rdd8 18. b4 Qc7 19. Rac1 Qe5 20. Bxa7 Nc7 21. Bb6 Nfxd5 22. Nxd5 Nxd5 23. Bxd8 Rxd8 24. Bb3 1-0

[Event "Malopolska Region-chB"]
[Site "Krakow"]
[Date "2021.06.06"]
[Round "7"]
[White "Rudecki, Bartosz"]
[Black "Gradalski, Olaf"]
[Result "1/2-1/2"]
[WhiteElo "1846"]
[BlackElo "1890"]
[PlyCount "30"]
[EventDate "2021.06.03"]
[EventType "swiss"]
[EventRounds "7"]
[EventCountry "POL"]
[SourceTitle "EXT 2023"]
[Source "ChessBase"]
[SourceDate "2022.10.05"]
[SourceVersion "1"]
[SourceVersionDate "2022.10.05"]
[SourceQuality "1"]

1. e4 c6 2. d4 d5 3. Nc3 dxe4 4. Nxe4 Bf5 5. Ng3 Bg6 6. Nh3 Nf6 7. Nf4 e5 8. dxe5 Qa5+ 9. Bd2 Qxe5+ 10. Be2 Nbd7 11. 0-0 Bc5 12. Nd3 Bxd3 13. Bxd3 0-0 14. Qf3 Qd5 15. Qxd5 Nxd5 1/2-1/2

[Event "Malopolska Region-chB"]
[Site "Krakow"]
[Date "2021.06.04"]
[Round "3"]
[White "Gregulski, Zbigniew"]
[Black "Gradalski, Olaf"]
[Result "0-1"]
[WhiteElo "1656"]
[BlackElo "1890"]
[PlyCount "62"]
[EventDate "2021.06.03"]
[EventType "swiss"]
[EventRounds "7"]
[EventCountry "POL"]
[SourceTitle "EXT 2023"]
[Source "ChessBase"]
[SourceDate "2022.10.05"]
[SourceVersion "1"]
[SourceVersionDate "2022.10.05"]
[SourceQuality "1"]

1. d4 Nf6 2. c4 c5 3. e3 cxd4 4. exd4 d5 5. Nc3 e6 6. Nf3 Be7 7. Bd3 dxc4 8. Bxc4 0-0 9. 0-0 Nc6 10. a3 b6 11. Bf4 Bb7 12. b4 Rc8 13. Qd3 Bd6 14. Bxd6 Qxd6 15. Rfd1 Rfd8 16. Bb3 Qf4 17. Ne2 Qg4 18. h3 Qg6 19. Qe3 Ne7 20. Nf4 Qf5 21. Ne5 Ned5 22. Nxd5 Bxd5 23. Rac1 h6 24. Bxd5 Nxd5 25. Qd2 Nf4 26. Qe3 Qg5 27. g3 Rxc1 28. Rxc1 Ne2+ 29. Qxe2 Qxc1+ 30. Kg2 Rxd4 31. Qf3 Qc7 0-1

[Event "Malopolska Region-chB"]
[Site "Krakow"]
[Date "2021.06.03"]
[Round "2"]
[White "Gradalski, Olaf"]
[Black "Palka, Kamil"]
[Result "1-0"]
[WhiteElo "1890"]
[BlackElo "1562"]
[PlyCount "35"]
[EventDate "2021.06.03"]
[EventType "swiss"]
[EventRounds "7"]
[EventCountry "POL"]
[SourceTitle "EXT 2023"]
[Source "ChessBase"]
[SourceDate "2022.10.05"]
[SourceVersion "1"]
[SourceVersionDate "2022.10.05"]
[SourceQuality "1"]

1. d4 Nf6 2. Bg5 e6 3. e4 Be7 4. e5 Nd5 5. Bxe7 Qxe7 6. c4 Nb6 7. Nc3 c6 8. Ne4 0-0 9. f4 Na6 10. Bd3 d5 11. exd6 Qd8 12. c5 Nd5 13. Bxa6 Qa5+ 14. Qd2 Qxa6 15. Ne2 b6 16. 0-0 bxc5 17. dxc5 Qc4 18. Nd4 1-0